[Event "DEM U14w 2019"]
[Site "Willingen GER"]
[Date "2019.06.14"]
[Round "8"]
[White "Adelhardt, Lisa"]
[Black "Petersen, Sophie"]
[Result "1-0"]
[Termination "normal"]
[Board "9"]
[WhiteElo "1293"]
[BlackElo "1430"]
[WhiteClock "00:18:26"]
[BlackClock "00:23:14"]
[PlyCount "95"]
[WhiteFideId "16235380"]
[BlackFideId "16229380"]
[EventCountry "GER"]
[EventRounds "9"]
[EventType "swiss"]
[EventDate "2019.06.08"]

1. e4 {[%clk 1:30:53]} 1... c5 {[%clk 1:30:52]} 2. Nc3 {[%clk 1:31:09]} 2... d6
{[%clk 1:30:45]} 3. Bb5+ {[%clk 1:30:51]} 3... Nd7 {[%clk 1:30:02]} 4. f4 {
[%clk 1:30:06]} 4... g6 {[%clk 1:29:22]} 5. Nf3 {[%clk 1:28:35]} 5... Bg7 {
[%clk 1:29:23]} 6. d3 {[%clk 1:28:35]} 6... e6 {[%clk 1:26:32]} 7. Bd2 { [%clk
1:20:27]} 7... Ne7 {[%clk 1:25:37]} 8. O-O {[%clk 1:17:58]} 8... a6 { [%clk
1:24:53]} 9. Bxd7+ {[%clk 1:17:02]} 9... Bxd7 {[%clk 1:19:00]} 10. Rb1 { [%clk
1:09:45]} 10... O-O {[%clk 1:18:14]} 11. Qe1 {[%clk 1:03:59]} 11... Rc8 { [%clk
1:13:44]} 12. Qg3 {[%clk 0:52:14]} 12... Bc6 {[%clk 1:11:04]} 13. Qh3 { [%clk
0:44:00]} 13... d5 {[%clk 1:01:50]} 14. e5 {[%clk 0:38:48]} 14... Nf5 { [%clk
0:55:34]} 15. g4 {[%clk 0:17:52]} 15... Nd4 {[%clk 0:47:31]} 16. Nxd4 { [%clk
0:08:36]} 16... cxd4 {[%clk 0:47:43]} 17. Ne2 {[%clk 0:07:04]} 17... Qb6 {[%clk
0:40:49]} 18. g5 {[%clk 0:04:52]} 18... Rfd8 {[%clk 0:38:07]} 19. Ng3 { [%clk
0:01:14]} 19... Be8 {[%clk 0:37:49]} 20. Rfc1 {[%clk 0:00:52]} 20... Qb5 {[%clk
0:32:51]} 21. Nh1 {[%clk 0:00:37]} 21... Qa4 {[%clk 0:31:26]} 22. b3 { [%clk
0:00:33]} 22... Qxa2 {[%clk 0:28:12]} 23. Ra1 {[%clk 0:00:52]} 23... Qb2 {[%clk
0:27:00]} 24. Bb4 {[%clk 0:00:47]} 24... Rxc2 {[%clk 0:26:13]} 25. Rcb1 {[%clk
0:00:59]} 25... Rxh2 {[%clk 0:16:56]} 26. Qxh2 {[%clk 0:01:02]} 26... Qxh2+
{[%clk 0:16:58]} 27. Kxh2 {[%clk 0:01:28]} 27... Bb5 {[%clk 0:16:49]} 28. Nf2
{[%clk 0:01:42]} 28... h6 {[%clk 0:16:10]} 29. Be7 {[%clk 0:00:45]} 29... Re8
{[%clk 0:15:01]} 30. gxh6 {[%clk 0:00:37]} 30... Bxh6 {[%clk 0:15:13]} 31. Bg5
{[%clk 0:01:03]} 31... Bg7 {[%clk 0:14:45]} 32. Rg1 {[%clk 0:00:40]} 32... Rc8
{[%clk 0:11:36]} 33. Rac1 {[%clk 0:00:53]} 33... Re8 {[%clk 0:11:32]} 34. Kg2
{[%clk 0:00:38]} 34... Bf8 {[%clk 0:09:19]} 35. Bf6 {[%clk 0:00:39]} 35... Bg7
{[%clk 0:09:27]} 36. Bxg7 {[%clk 0:00:40]} 36... Kxg7 {[%clk 0:09:49]} 37. Kf3
{[%clk 0:00:41]} 37... Rf8 {[%clk 0:08:40]} 38. Ke2 {[%clk 0:00:36]} 38... Bc6
{[%clk 0:08:34]} 39. Ng4 {[%clk 0:00:49]} 39... Rd8 {[%clk 0:08:10]} 40. Rh1
{[%clk 0:00:46]} 40... Kf8 {[%clk 0:02:35]} 41. Rh8+ {[%clk 0:28:24]} 41... Ke7
{[%clk 0:32:50]} 42. Rxd8 {[%clk 0:28:38]} 42... Kxd8 {[%clk 0:33:11]} 43. Rh1
{[%clk 0:28:35]} 43... Kc7 {[%clk 0:32:27]} 44. Kd2 {[%clk 0:26:01]} 44... Kb6
{[%clk 0:32:28]} 45. Kc2 {[%clk 0:24:32]} 45... Kb5 {[%clk 0:32:18]} 46. Rh7
{[%clk 0:21:19]} 46... Kb4 {[%clk 0:24:25]} 47. Kb2 {[%clk 0:20:26]} 47... a5
{[%clk 0:23:14]} 48. Rxf7 {[%clk 0:18:26]} 1-0

[Event "DEM U14w 2019"]
[Site "Willingen GER"]
[Date "2019.06.14"]
[Round "8"]
[White "Liu, Sijia Anna"]
[Black "Becker, Linda"]
[Result "1-0"]
[Termination "normal"]
[Board "10"]
[WhiteElo "1689"]
[BlackElo "1683"]
[WhiteClock "00:23:47"]
[BlackClock "00:32:01"]
[PlyCount "93"]
[WhiteFideId "12989746"]
[BlackFideId "16244753"]
[EventCountry "GER"]
[EventRounds "9"]
[EventType "swiss"]
[EventDate "2019.06.08"]

1. e4 {[%clk 1:30:58]} 1... e6 {[%clk 1:30:55]} 2. d4 {[%clk 1:31:17]} 2... d5
{[%clk 1:31:20]} 3. Nc3 {[%clk 1:31:30]} 3... Bb4 {[%clk 1:31:40]} 4. e5 {
[%clk 1:31:37]} 4... c5 {[%clk 1:31:58]} 5. Bd2 {[%clk 1:31:17]} 5... cxd4 {
[%clk 1:29:31]} 6. Nb5 {[%clk 1:30:53]} 6... Bc5 {[%clk 1:28:19]} 7. Qg4 {
[%clk 1:28:12]} 7... Bf8 {[%clk 1:20:08]} 8. Nd6+ {[%clk 1:24:48]} 8... Bxd6 {
[%clk 1:19:30]} 9. Qxg7 {[%clk 1:20:34]} 9... Bxe5 {[%clk 1:19:53]} 10. Qxe5 {
[%clk 1:20:28]} 10... Qf6 {[%clk 1:19:35]} 11. Qxf6 {[%clk 1:16:32]} 11... Nxf6
{[%clk 1:19:58]} 12. Nf3 {[%clk 1:15:57]} 12... Nc6 {[%clk 1:19:50]} 13. O-O-O
{[%clk 1:09:18]} 13... Ne4 {[%clk 1:13:38]} 14. Be1 {[%clk 1:07:39]} 14... e5 {
[%clk 1:11:32]} 15. Nd2 {[%clk 1:05:32]} 15... Be6 {[%clk 1:09:29]} 16. f3 {
[%clk 1:02:14]} 16... Nd6 {[%clk 1:07:58]} 17. Nb3 {[%clk 0:59:07]} 17... b6 {
[%clk 1:05:44]} 18. Bg3 {[%clk 0:54:49]} 18... Nc4 {[%clk 1:00:57]} 19. Bxc4 {
[%clk 0:51:56]} 19... dxc4 {[%clk 0:58:08]} 20. Nd2 {[%clk 0:51:42]} 20...
O-O-O {[%clk 0:53:13]} 21. Rhe1 {[%clk 0:46:34]} 21... Rd5 {[%clk 0:52:08]} 22.
Nxc4 {[%clk 0:42:31]} 22... f6 {[%clk 0:51:00]} 23. f4 {[%clk 0:39:36]} 23...
Bg4 {[%clk 0:39:51]} 24. Ne3 {[%clk 0:34:56]} 24... Bxd1 {[%clk 0:33:34]} 25.
Nxd5 {[%clk 0:35:03]} 25... exf4 {[%clk 0:32:48]} 26. Bxf4 {[%clk 0:32:34]}
26... Bh5 {[%clk 0:30:52]} 27. Nxf6 {[%clk 0:29:34]} 27... Bg6 {[%clk 0:28:35]}
28. a3 {[%clk 0:27:21]} 28... Kb7 {[%clk 0:27:30]} 29. Ne4 {[%clk 0:23:37]}
29... Ka6 {[%clk 0:26:37]} 30. Nd6 {[%clk 0:22:52]} 30... Rf8 {[%clk 0:26:05]}
31. g3 {[%clk 0:20:48]} 31... b5 {[%clk 0:20:25]} 32. Re6 {[%clk 0:15:42]}
32... Kb6 {[%clk 0:19:04]} 33. Kd2 {[%clk 0:10:24]} 33... Kc5 {[%clk 0:15:10]}
34. Ne4+ {[%clk 0:06:21]} 34... Bxe4 {[%clk 0:13:21]} 35. Rxe4 {[%clk 0:06:37]}
35... Kd5 {[%clk 0:13:33]} 36. Re2 {[%clk 0:06:19]} 36... Rf7 {[%clk 0:13:07]}
37. Kd3 {[%clk 0:05:09]} 37... a5 {[%clk 0:11:15]} 38. Re8 {[%clk 0:03:55]}
38... Rb7 {[%clk 0:09:57]} 39. Rg8 {[%clk 0:02:53]} 39... Re7 {[%clk 0:06:03]}
40. Rg5+ {[%clk 0:02:31]} 40... Ne5+ {[%clk 0:06:18]} 41. Rxe5+ {[%clk 0:27:18]
} 41... Rxe5 {[%clk 0:36:39]} 42. Bxe5 {[%clk 0:27:45]} 42... Kxe5 { [%clk
0:37:01]} 43. b3 {[%clk 0:25:53]} 43... h5 {[%clk 0:32:21]} 44. h3 { [%clk
0:24:29]} 44... a4 {[%clk 0:31:29]} 45. bxa4 {[%clk 0:23:18]} 45... bxa4 {[%clk
0:31:51]} 46. g4 {[%clk 0:23:28]} 46... hxg4 {[%clk 0:32:01]} 47. hxg4 { [%clk
0:23:47]} 1-0

[Event "DEM U14w 2019"]
[Site "Willingen GER"]
[Date "2019.06.14"]
[Round "8"]
[White "Li, Zixin"]
[Black "Werner, Rosalie"]
[Result "1/2-1/2"]
[Termination "normal"]
[Board "12"]
[WhiteElo "1284"]
[BlackElo "1610"]
[WhiteClock "00:50:09"]
[BlackClock "00:15:07"]
[PlyCount "56"]
[WhiteFideId "16244770"]
[BlackFideId "16223748"]
[EventCountry "GER"]
[EventRounds "9"]
[EventType "swiss"]
[EventDate "2019.06.08"]

1. e4 {[%clk 1:30:59]} 1... e6 {[%clk 1:30:54]} 2. d4 {[%clk 1:31:27]} 2... d5
{[%clk 1:31:19]} 3. Nc3 {[%clk 1:31:53]} 3... Nf6 {[%clk 1:31:43]} 4. e5 {
[%clk 1:32:15]} 4... Nfd7 {[%clk 1:32:07]} 5. f4 {[%clk 1:30:22]} 5... a6 {
[%clk 1:31:54]} 6. Nf3 {[%clk 1:29:43]} 6... c5 {[%clk 1:31:48]} 7. dxc5 {
[%clk 1:26:54]} 7... Bxc5 {[%clk 1:28:46]} 8. Ne2 {[%clk 1:22:41]} 8... b5 {
[%clk 1:21:08]} 9. Qd3 {[%clk 1:17:45]} 9... Qb6 {[%clk 1:16:41]} 10. Ned4 {
[%clk 1:16:02]} 10... g6 {[%clk 1:11:51]} 11. Be3 {[%clk 1:09:07]} 11... Nc6 {
[%clk 1:10:37]} 12. Qd2 {[%clk 1:08:30]} 12... Bb7 {[%clk 1:09:20]} 13. Be2 {
[%clk 1:07:39]} 13... Rc8 {[%clk 1:08:20]} 14. O-O {[%clk 1:07:26]} 14... h5 {
[%clk 0:59:40]} 15. c3 {[%clk 1:06:24]} 15... Qc7 {[%clk 0:53:26]} 16. Ng5 {
[%clk 1:04:53]} 16... Nxd4 {[%clk 0:47:07]} 17. Bxd4 {[%clk 1:05:06]} 17...
Bxd4+ {[%clk 0:39:03]} 18. Qxd4 {[%clk 1:05:17]} 18... Kf8 {[%clk 0:32:41]} 19.
Bd3 {[%clk 1:04:15]} 19... Qb6 {[%clk 0:26:49]} 20. Nf3 {[%clk 1:00:28]} 20...
Kg7 {[%clk 0:24:24]} 21. Qxb6 {[%clk 0:59:22]} 21... Nxb6 {[%clk 0:24:43]} 22.
Nd4 {[%clk 0:59:47]} 22... Nc4 {[%clk 0:23:44]} 23. Bxc4 {[%clk 0:56:29]} 23...
dxc4 {[%clk 0:23:32]} 24. h4 {[%clk 0:54:19]} 24... Rhd8 {[%clk 0:21:25]} 25.
g3 {[%clk 0:54:13]} 25... Rc7 {[%clk 0:20:30]} 26. Kf2 {[%clk 0:51:23]} 26...
Be4 {[%clk 0:15:11]} 27. Ke3 {[%clk 0:51:18]} 27... Bd3 {[%clk 0:15:07]} 28.
Rfd1 {[%clk 0:50:09]} 28... Rb8 1/2-1/2

[Event "DEM U14w 2019"]
[Site "Willingen GER"]
[Date "2019.06.14"]
[Round "8"]
[White "Margaryan, Susanna"]
[Black "Sinner, Joselyne"]
[Result "1/2-1/2"]
[Termination "normal"]
[Board "14"]
[WhiteElo "1187"]
[BlackElo "1521"]
[PlyCount "95"]
[WhiteFideId "16268210"]
[BlackFideId "16210387"]
[EventCountry "GER"]
[EventRounds "9"]
[EventType "swiss"]
[EventDate "2019.06.08"]

1. d4 d5 2. c4 e6 3. cxd5 exd5 4. Nc3 Nf6 5. Bg5 Be7 6. e3 O-O 7. Bd3 c6 8. Nf3
Nbd7 9. O-O Re8 10. Qc2 Nf8 11. h3 g6 12. a3 a5 13. Na4 Ne6 14. Bh4 Ng7 15. Nc5
Bxc5 16. Qxc5 Bf5 17. Bxf5 Nxf5 18. Bg5 h6 19. Bf4 Ne4 20. Qc2 Re6 21. Rac1 g5
22. Bh2 f6 23. Nd2 Qe8 24. Nxe4 dxe4 25. Qc4 Rd8 26. Bc7 Rd5 27. Qc3 Qg6 28.
Bxa5 g4 29. hxg4 Qxg4 30. Bc7 Nh4 31. Bg3 Rg5 32. Qb3 Rb5 33. Qd1 Qg5 34. Rc5
Rxc5 35. dxc5 Nf5 36. Bf4 Qg6 37. Qd8+ Kf7 38. Rd1 Re7 39. Rd7 Ke6 40. Rxe7+
Nxe7 41. Bd6 Qg7 42. Qb8 Qg4 43. Qxb7 Qd1+ 44. Kh2 Qh5+ 45. Kg1 Qd1+ 46. Kh2
Qh5+ 47. Kg1 Qd1+ 48. Kh2 1/2-1/2